Quizzes
Events
Quiz Creation
Community
Videos
Private Events
Remove Ads
Sign In
Join for FREE
Feedback
Dark Mode
Quiz Categories
Sports
Geography
Music
Movies
Television
Just For Fun
Miscellaneous
History
Literature
Language
Science
Gaming
Entertainment
Religion
Holiday
For Kids
Quiz Lab
Recent
Popular Today
Quiz Kudos Today
Editor Picks
Curator Picks
Quizzes by...
Day
Popularity
Type
Ratings
Length
Year
Community
Subscriptions
Recent Discussions
Orange Saloon
Badges
Playlists
Quests
Create
Leaderboards
Showdown
Live 5
Trivia Bingo
Activity
Puzzle Library
Sporcle Events
Private Events
Virtual Trivia
Globe League
Become a Host
Pub Owners
SporcleCon
Opinionation
Our Games
Videos
Blog
Mobile Apps
Partnerships
Remove Ads and Go Orange
Feedback
Science
Computer
Plants
Astronomy
Chemistry
Elements
Math
Animal
Physics
Anatomy
Biology
Geology
General Science
Science
Computer
Plants
Astronomy
Chemistry
Elements
Math
Animal
Physics
Anatomy
Biology
Geology
General Science
Random Quiz
Search Sporcle
×
Quiz Lab
Quiz Lab
Science
Medical
Type in answers that appear in a list
Type in answers that appear in a list
Classic
Best Score? Go Orange.
OT Chapter 11 Stats
Can you name the medical terms?
By
jnprintz
20m
17 Questions
4 Plays
4 Plays
4 Plays
Comments
Comments
Give Quiz Kudos
Give Quiz Kudos
-
- Ratings
hide this ad
Forced Order
Answers have to be entered in order
Answers have to be entered in order
Random Order
Randomize order of answers
Randomize order of answers
Replay
Link that replays current quiz
Next Quiz
Link to next quiz in quiz playlist
You Got
0%
They Got
Avg Score
39%
Avg Friend Score
Upgrade to see
Score Distribution
Jump to the score distribution portion of the page
Score
0/17
Timer
20:00
0
Plays Today
Hint
Answer
% Correct
eye disease in which the lens becomes covered in an opaque film that affects sight, eventually causing total blindness
cataracts
100%
group of diseases of the eye characterized by increased intraocular pressure that results in damage to the optic nerve, producing defects in vision
glaucoma
75%
inflammation of the iris
iritis
75%
nearsightedness
myopia
75%
a person skilled in testing for defects of vision in order to prescribe corrective glasses
optometrist
75%
visual impairment in which an object is seen as two objects, double vision
diplopia
50%
abnormal condition in which vision for distant objects is better than for near objects, farsighted
hyperopia
50%
surgical removal of part of the iris of the eye
iridectomy
50%
the sensation of dizziness
vertigo
50%
Hint
Answer
% Correct
a small sebaceous cyst of the eyelid resulting when a Meibomian gland is blocked, oil gland blocked
chalazion
25%
outward turning of the rim of the eyelid
ectropion
25%
poor vision at night or in faint light
nyctalopia
25%
hearing impairment in old age
presbycusis
0%
a surgical procedure to treat myopia
radial keratotomy
0%
used to reattach the detached area in a retinal detachment
retinopexy
0%
method used for detecting glaucoma
tonometry
0%
the use of air pressure in the ear canal to test for disorders of the middle ear
tympanometry
0%
Quiz Playlist
Details
Report
Send in Message
Add To Playlist
Classic:
Type in answers that appear in a list
Forced Order:
Answers have to be entered in order
Random Order:
Randomize order of answers
Last Updated: Feb 16, 2017
Quiz Scoreboard
CHALLENGE
Sign Up to Join the Scoreboard
Show All
Scores
Hide
Comments
May contain spoilers
Recently Published
College Basketball Coaching Resumes
by pancakes188
Sports
9m
Billboard Blitz: Fleetwood Mac
by CooCooCachoo
Music
15s
Presidents Visiting Landmarks
by Hejman
History
7m
More to Explore
Quiz From the Vault
Featured Blog Post
Where Did the Easter Bunny Come From?
hide this ad
You Might Also Like...
Tags
Chapter
Medical
Term
Today's Top Quizzes in Science
Browse Science
hide this ad
Today's Top Quizzes in Medical
Browse Medical
Top Contributed Quizzes in Science
1
Quick Pick: Radians
2
Quick Pick: 'CI-CJ' Animals
3
The First 100 Digits of Pi
4
Elements In Images
5
One Thing in Common: Science
6
Name the Acid, Base or Salt
7
Science Jokes
8
One Thing in Common: Science III
9
One Thing in Common: Science II
10
One Thing in Common: Animals
Explore More
Trending Topics
Marvel
Anime
Disney
NBA
Crossword
Kpop
Harry Potter
Puzzle
Soccer
Song
NFL
The Office
WWE
Country
Pokémon
hide this ad
More By:
jnprintz
Quiz
Plays
Rating
Category
Featured
Created
OT Chapter 9
14
Science
Dec 3, 2013
OT Chapter 10
12
Science
Dec 3, 2013
OT Chapter 11
4
Science
Dec 3, 2013
Go to Creator's Profile
Score Distribution
Quiz Creator Spotlight
jnprintz
Follow
Send a Message
Quizzes Created
-
Created Quiz Play Count
-
More By This Creator
Popular Quizzes Today
1
Find the US States - No Outlines Minefield
2
Find the Countries of Europe - No Outlines Minefield
3
The Countries of the World
4
Find the US States
5
Risky Map Clicking: Biggest States A-Z
6
US States
7
Popular People in 1961
8
Movies - When Are They Set?
More Science Quizzes
60 Second Blitz: Element Symbols
Published
Trending Quizzes
Risky Map Clicking: Least Populous States A-Z
1-10 Letter G Words
1-10 Letter F Words
Risky Map Clicking: Next State Alphabetically
Click the Washington State Counties! (Map)
Recently Updated
Leaping Animals
pecheneg
Reality TV Shows (A-Z)
bhenderson79
Rickey Henderson's Hall of Fame Teammates
pecheneg
Champions League XIs: Arsenal
pecheneg
Quick Pick: Celebrities in WWE's Hall of Fame
aduchscher
A-Z Keypad Blitz II
pecheneg
Multiple Oscar Actors
pecheneg
Mystery Phrase Blitz: Oscar 'Best Actors'
pecheneg
F. Scott Fitzgerald Novels
LTH
Pick 3 Villains
ddd62291
Trending Topics
Crossword
Disney
NBA
Anime
Marvel
Kpop
Harry Potter
Song
NFL
Puzzle
WWE
The Office
Country
Soccer
Pokémon
Your Account Isn't Verified!
In order to create a playlist on Sporcle, you need to verify the email address you used during registration. Go to your
Sporcle Settings
to finish the process.
Report this User
Report this user for behavior that violates our
Community Guidelines
.
Details:
Send Report
Go to the Sporcle.com Mobile Site →
Comments